000 00808nja a2200205 a 4500
003 BLK
005 20250124111534.0
008 180414c bul|r|ner|||| 00| c0bul d
010 _aNOT00003072205
040 _aBLK
100 _aСтайнов, Петко Груев
_d(1896-1977)
_gБълг. композитор
_9376683
245 1 0 _aКоледарско хоро
_bТръгнал ми е Свети Иван : За тригласен хор
_cПетко Груев Стайнов.
257 _aBGR
380 _a7
773 _0315112
_9667894
_aСтайнов, Петко Груев
_tГодината в песни
852 _aЦб М ІІ 11784
942 _cNOT
_n0
944 _aCR
_c14.01.2010
_k30550
_lКети Илиева
944 _aED
_c12.11.2014
_kВиолета_Тройчева
999 _c315317
_d315317